| 000 | 00361nam a2200145Ia 4500 | ||
|---|---|---|---|
| 008 | 240624s9999 xx 000 0 und d | ||
| 041 | _aeng | ||
| 082 | _a658.5 TOM | ||
| 100 | _aTOMPKINS JAMES A | ||
| 245 | _aFACILITIES PLANNING | ||
| 250 | _a(3rd ed.) | ||
| 260 |
_c2003 _aNew York _bJohn Wiley and Sons |
||
| 300 | _ax, : 750 : p. : cm. ; 22 | ||
| 365 |
_c _b35 |
||
| 999 |
_c5789 _d5789 |
||